[Event "Paignton Bruce Premier"]
[Site "Paignton"]
[Date "2010.09.06"]
[Round "2"]
[White "Jordan, Dirk"]
[Black "McKenna, Jason P"]
[Result "1-0"]
[WhiteElo "2170"]
[BlackElo "2449"]
[PlyCount "48"]
[EventDate "2010.09.05"]
[EventType "swiss"]
[EventRounds "7"]
[EventCountry "ENG"]
[SourceTitle "EXT 2023"]
[Source "ChessBase"]
[SourceDate "2022.10.05"]
[SourceVersion "1"]
[SourceVersionDate "2022.10.05"]
[SourceQuality "1"]

1. d4 g6 2. Nc3 Bg7 3. e4 d6 4. Be3 c6 5. Qd2 Nf6 6. f3 b5 7. h4 Nbd7 8. Nh3 Nb6 9. Nf4 e5 10. dxe5 dxe5 11. Qxd8+ Kxd8 12. 0-0-0+ Kc7 13. Nd3 Nc4 14. Bf2 Nd7 15. b3 Bh6+ 16. Kb1 Ne3 17. Re1 Nxf1 18. Rexf1 a5 19. Kb2 f6 20. a3 Bf8 21. Be3 Bxa3+ 22. Kxa3 b4+ 23. Kb2 bxc3+ 24. Kxc3 Rd8 1-0

[Event "Bad Wildbad op"]
[Site "Bad Wildbad"]
[Date "2004.11.01"]
[Round "3"]
[White "Jordan, Dirk"]
[Black "Toenniges, Thomas"]
[Result "0-1"]
[WhiteElo "2226"]
[BlackElo "2120"]
[PlyCount "60"]
[EventDate "2004.10.??"]
[EventType "swiss"]
[EventRounds "9"]
[EventCountry "GER"]
[SourceTitle "EXT 2005"]
[Source "ChessBase"]
[SourceDate "2004.11.15"]
[SourceVersion "1"]
[SourceVersionDate "2004.11.15"]
[SourceQuality "1"]

1. d4 Nf6 2. c4 c5 3. d5 b5 4. cxb5 a6 5. bxa6 Bxa6 6. Nc3 g6 7. g3 d6 8. Bg2 Bg7 9. Nf3 0-0 10. 0-0 Nbd7 11. h3 Rb8 12. Re1 Nb6 13. e4 Nfd7 14. Qc2 Qc8 15. Kh2 Nc4 16. Rd1 Qb7 17. b3 Qb4 18. Rd3 Na3 19. Bxa3 Bxd3 20. Qxd3 Qxa3 21. e5 Nxe5 22. Nxe5 Bxe5 23. Re1 Qb2 24. Ne4 Qxa2 25. Nxc5 Qxf2 26. Rxe5 dxe5 27. Nd7 Ra8 28. Nxf8 Ra2 29. Qe4 f5 30. Qxe5 Qxg2# 0-1

[Event "BL2-Ost 0102"]
[Site "Germany"]
[Date "2002.03.17"]
[Round "7.7"]
[White "Jordan, Dirk"]
[Black "Wernert, Wilfrid"]
[Result "1/2-1/2"]
[WhiteElo "2205"]
[BlackElo "2294"]
[PlyCount "28"]
[EventDate "2001.10.07"]
[EventType "team-tourn"]
[EventRounds "9"]
[EventCountry "GER"]
[SourceTitle "CBM 088 Extra"]
[Source "ChessBase"]
[SourceDate "2002.07.01"]
[SourceVersion "2"]
[SourceVersionDate "2002.07.01"]
[SourceQuality "1"]
[WhiteTeam "Dresden SC"]
[BlackTeam "Leipzig Mitte"]
[WhiteTeamCountry "GER"]
[BlackTeamCountry "GER"]

1. d4 Nf6 2. Bg5 c5 3. Bxf6 gxf6 4. d5 Qb6 5. Qc1 Bh6 6. e3 d6 7. c4 Nd7 8. Nc3 f5 9. g3 Ne5 10. f4 Ng4 11. h3 Nf6 12. Bd3 Bd7 13. Qc2 e6 14. Nge2 Bg7 1/2-1/2

[Event "Oberliga Ost-A 9900"]
[Site "Germany"]
[Date "2000.04.09"]
[Round "11.2"]
[White "Drobka, Stefan"]
[Black "Jordan, Dirk"]
[Result "1-0"]
[WhiteElo "2342"]
[BlackElo "2175"]
[PlyCount "77"]
[EventDate "1999.10.??"]
[EventType "team"]
[EventRounds "11"]
[EventCountry "GER"]
[SourceTitle "EXT 2002"]
[Source "ChessBase"]
[SourceDate "2001.11.25"]
[SourceVersion "1"]
[SourceVersionDate "2001.11.25"]
[SourceQuality "1"]

1. e4 c6 2. d4 d5 3. Nc3 dxe4 4. Nxe4 Bf5 5. Ng3 Bg6 6. Nf3 Nd7 7. h4 h6 8. h5 Bh7 9. Bd3 Bxd3 10. Qxd3 e6 11. Bd2 Ngf6 12. 0-0-0 Qc7 13. Ne4 Be7 14. Kb1 c5 15. Nxf6+ Nxf6 16. Qb5+ Qd7 17. Qxd7+ Nxd7 18. Ne5 Nf6 19. Be3 Rc8 20. c4 cxd4 21. Bxd4 Bc5 22. f3 Bxd4 23. Rxd4 Rc5 24. f4 a5 25. g4 Ke7 26. Re1 Rc7 27. Red1 Rhc8 28. b3 Ra8 29. a3 Rac8 30. b4 axb4 31. axb4 Ke8 32. b5 Ng8 33. Rc1 f6 34. Nd3 Ne7 35. Kb2 Rd7 36. Rxd7 Kxd7 37. Kb3 b6 38. Kb4 Rc7 39. Ra1 1-0

[Event "Berlin East AdW 3rd"]
[Site "Berlin East"]
[Date "1986.09.05"]
[Round "8"]
[White "Timoshenko, Georgy"]
[Black "Jordan, Dirk"]
[Result "1-0"]
[WhiteElo "2200"]
[BlackElo "2200"]
[PlyCount "137"]
[EventDate "1986.08.29"]
[EventType "tourn"]
[EventRounds "11"]
[EventCountry "DDR"]
[EventCategory "3"]
[SourceTitle "EXT 2006"]
[Source "ChessBase"]
[SourceDate "2005.11.24"]
[SourceVersion "1"]
[SourceVersionDate "2005.11.24"]
[SourceQuality "1"]

1. e4 d5 2. exd5 Qxd5 3. Nc3 Qa5 4. d4 Nf6 5. Nf3 c6 6. h3 Bf5 7. Bc4 e6 8. Bd2 Nbd7 9. Bb3 h6 10. Qe2 Bb4 11. 0-0-0 Qc7 12. g4 Bg6 13. Kb1 0-0-0 14. Nh4 Bh7 15. Ng2 Bd6 16. f3 Nb6 17. Rhf1 Qe7 18. a4 Nbd5 19. Ne4 Bb4 20. Bc1 Rhe8 21. Nf2 Qc7 22. Nd3 Bd6 23. Ka1 Qb6 24. Ne5 Bxe5 25. dxe5 Nd7 26. f4 Nc5 27. Bxd5 cxd5 28. b3 Ne4 29. Rf3 Kb8 30. Bb2 Rc8 31. Ne1 Rc7 32. Bd4 Qb4 33. Qb5 Qa3+ 34. Kb1 Rec8 35. Bb2 Qe7 36. Qe2 a6 37. Qe3 Qb4 38. Qd4 Qa5 39. f5 Nc3+ 40. Rxc3 Rxc3 41. Bxc3 Qxc3 42. Qxc3 Rxc3 43. fxe6 fxe6 44. Nd3 Bxd3 45. cxd3 Rxb3+ 46. Kc2 Rb4 47. Rf1 h5 48. Rf8+ Ka7 49. gxh5 Rxa4 50. Re8 Rh4 51. Rxe6 Rxh5 52. Kc3 g5 53. Kd4 Rxh3 54. Rg6 a5 55. e6 a4 56. Rxg5 a3 57. Rg1 Kb6 58. Re1 Rh8 59. Kxd5 Kc7 60. Rc1+ Kb6 61. e7 Ka5 62. Rh1 Rxh1 63. e8Q b5 64. Qe7 b4 65. Qg5 Rb1 66. Kc4+ Kb6 67. Qc5+ Ka6 68. Qc6+ Ka7 69. Kb5 1-0